ROSS AND WILSON ANATOMY & PHYSIOLOGY (Record no. 10120)

MARC details
000 -LEADER
fixed length control field 00316nam a22001457a 4500
003 - CONTROL NUMBER IDENTIFIER
control field SGT
082 ## - DEWEY DECIMAL CLASSIFICATION NUMBER
Classification number 611
Item number R14W
100 ## - MAIN ENTRY--PERSONAL NAME
Personal name WAUGH, ANNE
245 ## - TITLE STATEMENT
Title ROSS AND WILSON ANATOMY & PHYSIOLOGY
250 ## - EDITION STATEMENT
Edition statement 12TH
260 ## - PUBLICATION, DISTRIBUTION, ETC. (IMPRINT)
Place of publication, distribution, etc EDINBURGH
Name of publisher, distributor, etc ELSEVIER
Year of Publication 2014
300 ## - PAGE DESCRIPTION
No. of Pages 509
650 ## - SUBJECT ADDED ENTRY--TOPICAL TERM
Topical term or geographic name as entry element ANATOMY
942 ## - ADDED ENTRY ELEMENTS (KOHA)
Source of classification or shelving scheme Dewey Decimal Classification
Koha item type Books
942 ## - ADDED ENTRY ELEMENTS (KOHA)
-- 117
Holdings
Withdrawn status Lost status Source of classification or shelving scheme Damaged status Not for loan Collection code Home library Current library Shelving location Date acquired Vendor Name Cost, normal purchase price SGTU Bill Number Total Checkouts Total Renewals Full call number Accession No. (Barcode) Checked out Date last seen Date last borrowed Bill Date Koha item type
    Dewey Decimal Classification     MEDICAL SGT Medical Library SGT Medical Library Text Book 06/12/2016 ABC 840.00 SGTU 6436 30 1 611 R14W FM7666 02/01/2026 19/12/2025 19/12/2025 02/01/2016 Books
    Dewey Decimal Classification     MEDICAL SGT Medical Library SGT Medical Library Text Book 06/12/2016 ABC 840.00 SGTU 6436 27   611 R14W FM7667   15/01/2026 24/12/2025 02/01/2016 Books
    Dewey Decimal Classification     MEDICAL SGT Medical Library SGT Medical Library Text Book 06/12/2016 ABC 840.00 SGTU 6436 20   611 R14W FM7668   20/01/2026 22/12/2025 02/01/2016 Books
    Dewey Decimal Classification     MEDICAL SGT Medical Library SGT Medical Library Text Book 06/12/2016 ABC 840.00 SGTU 6436 51   611 R14W FM7669   20/01/2026 07/01/2026 02/01/2016 Books
    Dewey Decimal Classification     MEDICAL SGT Medical Library SGT Medical Library Text Book 06/12/2016 ABC 840.00 SGTU 6436 36 1 611 R14W FM7670   03/12/2025 19/11/2025 02/01/2016 Books
    Dewey Decimal Classification     MEDICAL SGT Medical Library SGT Medical Library Text Book 06/12/2016 ABC 840.00 SGTU 6436 2   611 R14W FM7671   28/06/2017 24/06/2017 02/01/2016 Books
    Dewey Decimal Classification     MEDICAL SGT Medical Library SGT Medical Library Text Book 06/12/2016 ABC 840.00 SGTU 6436 17   611 R14W FM7672   26/02/2026 20/11/2025 02/01/2016 Books
    Dewey Decimal Classification     MEDICAL SGT Medical Library SGT Medical Library Text Book 06/12/2016 ABC 840.00 SGTU 6436 33   611 R14W FM7673   10/01/2026 25/12/2025 02/01/2016 Books
    Dewey Decimal Classification     MEDICAL SGT Medical Library SGT Medical Library Text Book 06/12/2016 ABC 840.00 SGTU 6436 33   611 R14W FM7674   11/12/2025 26/11/2025 02/01/2016 Books
    Dewey Decimal Classification     MEDICAL SGT Medical Library SGT Medical Library Text Book 06/12/2016 ABC 840.00 SGTU 6436 29   611 R14W FM7675   19/01/2026 25/12/2025 02/01/2016 Books